000 00291nam a2200133Ia 4500
100 _aSrinath/ L.S.
942 _cBK
654 _aPert and CPM
245 _aPert and CPM
260 _bAffliated East West Press
_aNew Delhi
_c1975
082 _a658.4032
300 _a166
546 _aENGLISH
999 _c34232
_d34232